000 00682nam a2200241Ia 4500
003 OSt
005 20220925201828.0
006 a|||||r|||| 00| 0
007 ta
008 220923b |||||||| |||| 00| 0 eng d
037 _cGeneral Book
040 _aRTL
_cRTL
_beng
041 _2eng
_aeng
082 _aV2-1:14.N9, N1/GD
110 _aINDIA, LOK SABHA SECRETARIAT.
245 0 _aPresident's rule in the states and union territories
260 _aDelhi
_bMOP India
_c1991
300 _a95p
_ccm.
650 _aBureaucracy India
700 _aINDIA, LOK SABHA SECRETARIAT.
942 _hV2-1:14.N9, N1/GD
_cGB
_2CC
999 _c541391
_d541391